Rozvoj digitálnych verejných priestorov na Slovensku

V posledných rokoch došlo vo svete k výraznému rozvoju digitálnych verejných priestorov, ktoré sa posúvajú od miest zabezpečujúcich hlavne prístup k informačným a komunikačným technológiám a internetu k miestam poskytujúcim komplexné služby. Takýto rozvoj je badateľný aj na Slovensku, aj keď pomalší...

Descrizione completa

Salvato in:
Dettagli Bibliografici
Autore principale: Hudák, Matej, 1984-
Altri autori: Pachta, Miloš
Natura: Capitolo di libro
Lingua:slovacco
Soggetti:
Tags: Aggiungi Tag
Nessun Tag, puoi essere il primo ad aggiungerne!!

MARC

LEADER 00000nla a2200000 4500
001 0233493
005 20240502073807.2
041 0 |a slo 
044 |a SK 
245 1 0 |a Rozvoj digitálnych verejných priestorov na Slovensku  |c Matej Hudák, Miloš Pachta 
520 |a V posledných rokoch došlo vo svete k výraznému rozvoju digitálnych verejných priestorov, ktoré sa posúvajú od miest zabezpečujúcich hlavne prístup k informačným a komunikačným technológiám a internetu k miestam poskytujúcim komplexné služby. Takýto rozvoj je badateľný aj na Slovensku, aj keď pomalším tempom. V príspevku sa autori zamerali hlavne na coworkingy, ktorých v posledných 5 rokoch na Slovensku vzniklo viac ako 30. Analýza 5 coworkingov pôsobiacich na území Košíc. 
610 2 0 |a priestor pracovný 
610 2 0 |a štýl pracovný 
610 2 0 |a digitalizácia 
610 2 0 |a technológie informačné 
610 2 0 |a technológie komunikačné 
610 2 0 |a internet 
610 2 0 |a služby 
100 1 |a Hudák, Matej, 1984- 
700 1 |a Pachta, Miloš